000 00659nam a2200181 i 4500
001 46912
003 ES-MaACL
005 20230906161453.0
007 t|
008 030402q1919 fr ||||1| fre d
080 _a821.133.1(494)-31"17"
100 1 _aConstant, Benjamin.
_940242
245 1 0 _aAdolphe /
_cpar Benjamin Constant.
260 _aParis :
_bLibrairie Garnier Fréres,
_c[1919?]
300 _aXV, 326 p. ;
_c19 cm.
500 _aNouvelle edition suivie de la lettre sur Julie, des reflexions sur le thêatre allemand de l'esprit de conquête et de l'insurpation dans leurs rapports avec la civilisation européene.
852 _aES-MaACL
_jG-8799
999 _c46912
_d46912